00420 2200169 4500245004400000020002200044250001100066100001900077700001500096650002100111005001900132260003500151041001400186084000800200300003300208336000900241 aSerbuk Ajaib PilacSoffa M. MinnahText a978-623-118-708-6 aCet. 1 aSoffa M. Minna aBhumi Arin aCerita Bergambar a20240902105602 aJakartabPusat perbukuanc2023 aIndonesia a741 avi, 26 hlm., 21 × 29,7 cm : atext